Educación superior (Record no. 169399)

MARC details
000 -CABECERA
campo de control de longitud fija 01349cas a2200253 a 4500
005 - FECHA Y HORA DE LA ÚLTIMA TRANSACCIÓN
campo de control 20251021162357.0
006 - ELEMENTOS DE LONGITUD FIJA – CARACTERÍSTICAS DE MATERIALES ADICIONALES – INFORMACIÓN GENERAL
campo de control de longitud fija s|||||o|||| 00| 0
008 - ELEMENTOS DE LONGITUD FIJA--INFORMACIÓN GENERAL
campo de control de longitud fija 991125c2002 dr fr p|o 000 0 spa d
022 ## - NÚMERO INTERNACIONAL NORMALIZADO PARA PUBLICACIONES SERIADAS
Número Internacional Normalizado para Publicaciones Seriadas 2636-2163
035 ## - NÚMERO DE CONTROL DEL SISTEMA
Número de control de sistema UPN01000197298
040 ## - FUENTE DE LA CATALOGACIÓN
Centro catalogador/agencia de origen MX-MxUPN
Lengua de catalogación spa
Centro/agencia transcriptor MX-MxUPN
Normas de descripción aacr2
049 ## - COLECCIÓN
Colección REV-E
245 10 - MENCIÓN DE TÍTULO
Título Educación superior
Medio [recurso electrónico en línea]
260 ## - PUBLICACIÓN, DISTRIBUCIÓN, ETC.
Lugar de publicación, distribución, etc. República Dominicana :
Nombre del editor, distribuidor, etc. Universidad Abierta para Adultos,
Fecha de publicación, distribución, etc. 2002-
310 ## - FRECUENCIA ACTUAL DE LA PUBLICACION
Periodicidad actual Semestral
506 0# - NOTA DE RESTRICCIONES AL ACCESO
Limitaciones de acceso Acceso abierto
510 1# - NOTA DE CITAS O REFERENCIAS BIBLIOGRÁFICAS
Nombre de la fuente Latindex
520 1# - NOTA DE RESUMEN, ETC.
Sumario, etc. Es una publicación cuyo objetivo es propiciar la publicación y difusión de los resultados de investigaciones científicas realizadas; y procurar su aplicación en los campos de la educación en modalidad general y la educación superior, a fines de comprender situaciones y resolver necesidades dentro del contexto educativo. La revista científica Educación Superior aspira a llegar a profesionales y académicos vinculados al sector educativo con grados de influencia en la aplicación didáctica de sus investigaciones, tanto en la modalidad general, como en las modalidades superior y técnica.
650 #4 - ASIENTO SECUNDARIO DE MATERIA - TERMINO TEMATICO
Término de materia o nombre geográfico como elemento de entrada Educación superior
9 (RLIN) 32
856 40 - LOCALIZACIÓN Y ACCESO ELECTRÓNICOS
Identificador Uniforme del Recurso <a href="https://dialnet.unirioja.es/servlet/revista?codigo=26444">https://dialnet.unirioja.es/servlet/revista?codigo=26444</a>
902 ## - ELEMENTOS DE DATOS B LOCAL, LDB (RLIN)
Creó Gloria Jiménez/211025
905 ## - TIPO DE MATERIAL
Tipo de material Revista
942 ## - ELEMENTOS DE PUNTO DE ACCESO ADICIONAL (KOHA)
Tipo de ítem Koha Revista Electrónica
Holdings
Estado de retiro Estado de pérdida Estado dañado No para préstamo Código de colección Localización permanente Ubicación/localización actual Ubicación en estantería Fecha de adquisición Fecha visto por última vez Identificador Uniforme del Recurso Tipo de ítem Koha
        Acceso abierto Bib. Gregorio Torres Quintero Bib. Gregorio Torres Quintero En línea 24/05/2022 24/05/2022 https://dialnet.unirioja.es/servlet/revista?codigo=26444 Revista Electrónica